| 000 | 00449cam a2200181ua 4500 | ||
|---|---|---|---|
| 020 | _c1.8anna | ||
| 041 |
_amal _h |
||
| 082 |
_a894.81209 _bHAR/SA |
||
| 100 | _aHarisarma, A.D . | ||
| 245 |
_aSahithya sameeksha / _cA.D.Harisarma. _hTextual Documents |
||
| 250 |
_a1 / _b. |
||
| 260 |
_aThuravoor : _bSree Narasimha Vilasam , _c1954. |
||
| 300 | _a180 ; . | ||
| 365 | _a1.8anna | ||
| 504 | _a | ||
| 942 | _cBK | ||
| 999 |
_c11686 _d11686 |
||